| 000 | 00598cam a22002171 4500 | ||
|---|---|---|---|
| 001 | sa 66005902 | ||
| 003 | DLC | ||
| 005 | 20260227112252.0 | ||
| 008 | 780906s1965 ii ab 000 0 eng | ||
| 010 | _asa 66005902 | ||
| 035 | _a(OCoLC)4200548 | ||
| 040 |
_aDLC _cGStG _dDLC |
||
| 042 | _apremarc | ||
| 050 | 0 | 0 |
_aHC437.M8 _bN3 |
| 082 | _a330.95487 | ||
| 110 | 2 | _aNational Council of Applied Economic Research. | |
| 245 | 1 | 0 | _aTechno-economic survey of Mysore. |
| 260 |
_aNew Delhi _c[1965] |
||
| 300 |
_axv, 384 p. _billus., maps. _c26 cm. |
||
| 651 | 0 |
_aMysore (India) _xEconomic conditions. |
|
| 999 |
_c70195 _d70195 |
||